=LDR 00000nam 2200000 4500 =001 INLIS000000000020055 =005 20130612115040 =008 ***********************************Ind** =035 ##$$0010-061300000020055 =041 ##$$a Ind =082 ##$$a 350.01 =090 ##$$a 350.01, Nas r =100 ##$$a Nasucha, Chaizi =245 ##$$a Reformasi administrasi publik teori dan praktek, oleh Dr. Chaizi Masucha =260 ##$$a 2004 $b Jakarta =300 ##$$a xxiii, 326 hlm, ilus, 21 cm =650 ##$$a Administrasi Negara =850 ##$$a NBPNMAT =990 ##$$a 0001/BPAP-NTB/2016